Central Library OPAC University of Rajshahi

The Centre of al-Madinah : (Record no. 81221)

MARC details
000 -LEADER
fixed length control field 00940nam a2200241 a 4500
001 - CONTROL NUMBER
RUCL Control Number 81221
003 - CONTROL NUMBER IDENTIFIER
rucl marc code BD-RjUL
005 - DATE AND TIME OF LATEST TRANSACTION
control field 20231115112650.0
008 - FIXED-LENGTH DATA ELEMENTS--GENERAL INFORMATION
fixed length control field 230214s2012 bg ||||| m||| 00| 0 eng d
035 ## - SYSTEM CONTROL NUMBER
system control number (BD-RjUL)81221
040 ## - CATALOGING SOURCE
Original cataloging agency BD-RjUL
Language of cataloging eng
Transcribing agency BD-RjUL
Modifying agency BD-RjUL
041 ## - LANGUAGE CODE
Language code of Book eng
082 ## - DEWEY DECIMAL CLASSIFICATION NUMBER
Classification number 297.77
Author mark and Year IST 2012
DDC Edition number 23
100 ## - MAIN ENTRY--PERSONAL NAME
Personal name Islam, Md. Rafiqul
9 (RLIN) 1188
245 10 - TITLE STATEMENT
Title The Centre of al-Madinah :
Remainder of title Its Role in Diffusing Islamic Learning in Muslim Spain (711-1031 A. C.) /
Statement of responsibility, etc Md. Rafiqul Islam.
Name of Supervisor/Co-Supervisor Supervisor : Muhammad Ruhul Amin.
260 ## - PUBLICATION, DISTRIBUTION, ETC. (IMPRINT)
Place of publication, distribution, etc Rajshahi :
Name of publisher, distributor, etc Department of Islamic Studies, University of Rajshahi,
Date of publication, distribution, etc 2012.
300 ## - PHYSICAL DESCRIPTION
Pagination ix, 265 Leaves ;
Dimensions 29 cm.
502 ## - DISSERTATION NOTE
Dissertation note Thesis (Ph. D.) -- Department of Islamic Studies, University of Rajshahi, 2012
504 ## - BIBLIOGRAPHY, ETC. NOTE
Bibliography, etc Bibliography : Leaves 253-265
650 ## - SUBJECT ADDED ENTRY--TOPICAL TERM
Topical term or geographic name as entry element Al-Madinah
Form subdivision Islamic Religious Eduucation
9 (RLIN) 6974
700 ## - ADDED ENTRY--SUPERVISOR/CO-SUPERVISOR NAME
Personal name Amin, Muhammad Ruhul, Supervisor
9 (RLIN) 6975
942 ## - ADDED ENTRY ELEMENTS (KOHA)
Source of classification or shelving scheme Dewey Decimal Classification
Koha item type Theses
Holdings
Source of classification or shelving scheme Damaged status Not for loan Collection code Permanent Location Current Location Shelving location Date of accession Source of acquisition Full call number Barcode Date last seen Copy number Thesis
Dewey Decimal Classification   Not For Loan Theses Central Library, University of Rajshahi Central Library, University of Rajshahi Documentation Section 24/10/2013 Controller of Exam. R.U THE 297.77 ISC 2012 D3543 14/02/2023 C-1 Theses